000 01035nam a2200277 i 4500
001 000012784
003 DO-SdBNP
005 20250131142612.0
007 ta
008 240403s2015 dr ac 000 0 spa d
020 _a9789945458114
040 _aDO-SdBNP
_bspa
_cBNPHU
_erda
082 0 _axxx
_bD473d
_222
100 _aDespradel Cabral, Alberto,
_eautor
_4aut.
_972169
245 1 0 _aLa diplomacia insular :
_bRepública Dominicana y Haiti (1844-2012) /
_cAlberto Despradel Cabral, Miguel Reyes Sánchez
264 1 _aSanto Domingo :
_bBanco Central de la República Dominicana,
_c2015.
300 _a288 paginas ;
_c29 cm.
336 _atexto
_btxt
_2rdacontent
337 _asin mediación
_bn
_2rdamedia
338 _avolumen
_bnc
_2rdacarrier
500 _aTomo IV, la política exterior contemporánea de Haiti desde la dictadura de Duvalier (1957) hasta el gobierno de René Preval (2010)
590 _aInventariado, 2024 / DG
700 _aReyes Sánchez, Miguel,
_eautor
_4aut.
_929576
910 _aDG
942 _2ddc
_cLBS1
999 _c56223
_d56223